| 000 | 00433 a2200121 4500 | ||
|---|---|---|---|
| 001 | ART_40025 | ||
| 005 | 20260410161841.0 | ||
| 008 | 260409a | ||
| 245 | 1 | 0 | _aAdministración pública nacional, fuerzas armadas y la incompatibilidad establecida por el decreto Nº 894/2001 |
| 100 | 1 | _aFuria de Torres, Lilian Alicia G. | |
| 700 | 1 | _aTorres, Ismael F. | |
| 773 | 0 |
_tRAP _g- Año 23, Nº 276 (sep. 2001) _wREV5941 |
|
| 999 |
_c24145 _d24145 |
||